[Event "España Tch-Primera Division Sur"]
[Site "Santa Cruz de Tenerife ESP"]
[Date "2006.08.23"]
[Round "1"]
[White "Garcia Gata, Jorge David"]
[Black "Tudela Corbalan, Carlos"]
[Result "1/2-1/2"]
[WhiteElo "2060"]
[BlackElo "2194"]
[PlyCount "89"]
[EventDate "2006.08.23"]
[EventType "team"]
[EventRounds "2"]
[EventCountry "ESP"]
[Source "lmi"]
[SourceDate "2006.08.23"]
[WhiteTeam "CLUB AJEDREZ PARQUE SUR"]
[BlackTeam "C.A.TOTANA"]

1. d4 d6 2. Nf3 g6 3. c4 Bg7 4. e4 Nf6 5. Nc3 O-O 6. Be2 Na6 7. O-O c6 8. a3
Bg4 9. Be3 Re8 10. b4 Nc7 11. Qb3 e5 12. dxe5 dxe5 13. Rfd1 Qc8 14. Rd6 Ne6 15.
Rad1 c5 16. bxc5 Nxc5 17. Bxc5 Qxc5 18. Qxb7 Rab8 19. Qa6 Rb3 20. Na4 Qxa3 21.
Qc6 Rbb8 22. h3 Rec8 23. Qa6 Nxe4 24. R6d3 Qa2 25. hxg4 Qxe2 26. Qxa7 Ra8 27.
Qe3 Qxf2+ 28. Qxf2 Nxf2 29. Kxf2 Rxa4 30. Rd8+ Rxd8 31. Rxd8+ Bf8 32. Nxe5 Kg7
33. Rd7 Bc5+ 34. Kf3 Kf6 35. Ke4 Ke6 36. Rd8 f6 37. Rc8 Bd6 38. Nd3 Ra5 39. Rh8
Ra4 40. Rc8 Ra5 41. Rh8 h5 42. gxh5 gxh5 43. Nf4+ Bxf4 44. Kxf4 Rg5 45. g3
1/2-1/2

[Event "España Tch-Primera Division Sur"]
[Site "Santa Cruz de Tenerife ESP"]
[Date "2006.08.23"]
[Round "1"]
[White "Garre Murcia, Pedro"]
[Black "Campayo Hernandez, Juan"]
[Result "1-0"]
[WhiteElo "2189"]
[BlackElo "2079"]
[PlyCount "101"]
[EventDate "2006.08.23"]
[EventType "team"]
[EventRounds "2"]
[EventCountry "ESP"]
[Source "lmi"]
[SourceDate "2006.08.23"]

1. e4 e6 2. d4 d5 3. Nd2 dxe4 4. Nxe4 b6 5. Nf3 Bb7 6. Bb5+ c6 7. Bd3 Be7 8.
O-O Nf6 9. Qe2 O-O 10. Bf4 c5 11. dxc5 bxc5 12. Rfd1 Qc8 13. Nd6 Bxd6 14. Bxd6
Re8 15. Ne5 Nc6 16. c3 Rd8 17. Nc4 Nb8 18. Be7 Rd5 19. Nd6 Qc7 20. Bxf6 Qxd6
21. Qg4 Qf8 22. c4 Rd6 23. Be4 Rxd1+ 24. Rxd1 Nc6 25. Rd7 Rb8 26. Rxb7 Rxb7 27.
Bxc6 Rb6 28. Bf3 Kh8 29. Bc3 f6 30. h3 Qg8 31. a3 Rd6 32. Qe4 Rb6 33. Qh4 Rd6
34. Be4 Rd1+ 35. Kh2 Qb8+ 36. g3 f5 37. Qe7 Qg8 38. Bf3 Rd8 39. Qxc5 Rd7 40.
Qe5 h5 41. Bxh5 Qa8 42. Qxe6 Qb7 43. Qxf5 Qb6 44. Bg6 Kg8 45. c5 Qd8 46. Qe6+
Kh8 47. Bf7 Rd4 48. Qe8+ Qxe8 49. Bxe8 Rc4 50. c6 Kg8 51. Bb4 1-0

[Event "España Tch-Primera Division Sur"]
[Site "Santa Cruz de Tenerife ESP"]
[Date "2006.08.23"]
[Round "1"]
[White "Tierraseca Montero, Pablo"]
[Black "Perez Merlos, Ramon"]
[Result "1-0"]
[WhiteElo "2082"]
[BlackElo "2137"]
[PlyCount "89"]
[EventDate "2006.08.23"]
[EventType "team"]
[EventRounds "2"]
[EventCountry "ESP"]
[Source "lmi"]
[SourceDate "2006.08.23"]
[WhiteTeam "CLUB AJEDREZ PARQUE SUR"]
[BlackTeam "C.A. TOTANA"]

1. e4 g6 2. Nc3 Bg7 3. b3 c5 4. Bb2 Nc6 5. f4 d6 6. Bb5 Bd7 7. Bxc6 Bxc6 8. Nf3
Bxe4 9. Qe2 Bc6 10. O-O-O Nh6 11. d4 Bxf3 12. Qxf3 Bxd4 13. Qxb7 O-O 14. Qf3
Qd7 15. h3 a5 16. g4 f6 17. a4 Rab8 18. Rhe1 Kg7 19. Qe4 e5 20. g5 Ng8 21. Nb5
d5 22. Qg2 Bxb2+ 23. Kxb2 d4 24. fxe5 f5 25. e6 Qb7 26. Qxb7+ Rxb7 27. Re5 Re7
28. Rxc5 Rxe6 29. Nxd4 Ra6 30. Nf3 Rf7 31. Rdd5 Rfa7 32. c4 Ne7 33. Rd3 Kf7 34.
Ne5+ Ke6 35. Nf3 f4 36. Re5+ Kf7 37. Rd4 Nf5 38. Rxf4 Rd7 39. Nh4 Rd3 40. Nxf5
gxf5 41. Rexf5+ Kg7 42. h4 Rb6 43. Rb5 Re6 44. Rxa5 Re2+ 45. Ka3 1-0

[Event "España Tch-Primera Division Sur"]
[Site "Santa Cruz de Tenerife ESP"]
[Date "2006.08.23"]
[Round "1"]
[White "Muñoz Navarro, Alberto"]
[Black "Santos Izquierdo, Francisco Javier"]
[Result "0-1"]
[WhiteElo "2185"]
[BlackElo "2314"]
[PlyCount "58"]
[EventDate "2006.08.23"]
[EventType "team"]
[EventRounds "2"]
[EventCountry "ESP"]
[Source "lmi"]
[SourceDate "2006.08.23"]
[WhiteTeam "C.DEPORTIVO AJEDREZ LAPUERTA"]
[BlackTeam "C.A. SOCIEDAD LA DEMOCRACIA"]

1. e4 c5 2. Nf3 Nc6 3. d4 cxd4 4. Nxd4 Nf6 5. Nc3 e5 6. Ndb5 d6 7. Bg5 a6 8.
Na3 b5 9. Nd5 Be7 10. Bxf6 Bxf6 11. c3 O-O 12. Nc2 Rb8 13. a4 bxa4 14. Ncb4
Nxb4 15. cxb4 Bb7 16. Rxa4 Bc6 17. Bxa6 Bxa4 18. Qxa4 Bg5 19. Qc6 f5 20. exf5
Rxf5 21. O-O e4 22. b5 Qe8 23. Nc7 Qe5 24. b6 e3 25. Bc4+ Kh8 26. b7 Rxf2 27.
Ne6 Rxf1+ 28. Kxf1 Qxb2 29. Qc8+ Bd8 0-1

[Event "España Tch-Primera Division Sur"]
[Site "Santa Cruz de Tenerife ESP"]
[Date "2006.08.23"]
[Round "1"]
[White "Hidalgo Santana, Fernando"]
[Black "Sanchez Jerez, Emilio"]
[Result "1-0"]
[WhiteElo "2234"]
[BlackElo "2062"]
[PlyCount "77"]
[EventDate "2006.08.23"]
[EventType "team"]
[EventRounds "2"]
[EventCountry "ESP"]
[Source "lmi"]
[SourceDate "2006.08.23"]
[WhiteTeam "C.A. SOCIEDAD LA DEMOCRACIA"]
[BlackTeam "C. DEPORTIVO AJEDREZ LAPUERTA"]

1. e4 e5 2. Nf3 Nc6 3. d4 exd4 4. Nxd4 Nf6 5. Nxc6 bxc6 6. Bd3 d5 7. exd5 cxd5
8. O-O Be7 9. h3 O-O 10. Nd2 c5 11. c3 Bb7 12. Nf3 Qb6 13. Bg5 h6 14. Bh4 Rfe8
15. a4 Ne4 16. a5 Qd8 17. Bb5 Bxh4 18. a6 Bxa6 19. Rxa6 Re6 20. Nxh4 Rb8 21.
Rxe6 fxe6 22. Qg4 Rxb5 23. Qxe6+ Kh7 24. Qg6+ Kg8 25. Nf5 Qd7 26. Nxg7 Qf7 27.
Qc6 Rb6 28. Qc8+ Kxg7 29. b4 cxb4 30. cxb4 Rxb4 31. f3 Nd6 32. Qc3+ Qf6 33.
Qxb4 Nc4 34. Qb7+ Qf7 35. Rb1 Nb6 36. Qb8 d4 37. Ra1 Qe6 38. Qg3+ Kf6 39. Qf4+
1-0

[Event "España Tch-Primera Division Sur"]
[Site "Santa Cruz de Tenerife ESP"]
[Date "2006.08.23"]
[Round "1"]
[White "Ojaos Peñalver, Abel"]
[Black "Gonzalez Acosta, Angel"]
[Result "1/2-1/2"]
[WhiteElo "2030"]
[BlackElo "2091"]
[PlyCount "62"]
[EventDate "2006.08.23"]
[EventType "team"]
[EventRounds "2"]
[EventCountry "ESP"]
[Source "lmi"]
[SourceDate "2006.08.23"]
[WhiteTeam "C. DEPORTIVO AJEDREZ LAPUERTA"]
[BlackTeam "C.A. SOCIEDAD LA DEMOCRACIA"]

1. d4 Nf6 2. Nf3 d6 3. Bg5 Nbd7 4. Nbd2 c5 5. c3 g6 6. e4 cxd4 7. cxd4 Qa5 8.
Bd3 Bg7 9. O-O O-O 10. Nc4 Qd8 11. a4 d5 12. exd5 Nxd5 13. Re1 N7f6 14. Qd2 b6
15. Nce5 a6 16. Bh6 Bb7 17. Rad1 Rc8 18. Bb1 Qd6 19. Qg5 e6 20. Bxg7 Kxg7 21.
Nd3 Rc7 22. Qe5 Qxe5 23. dxe5 Nd7 24. Ng5 Rc4 25. b3 Rd4 26. Nf3 Rxd3 27. Rxd3
Nc5 28. Rdd1 Nxb3 29. Ba2 Nc5 30. Rd4 Nc3 31. Bc4 N5xa4 1/2-1/2

[Event "España Tch-Primera Division Sur"]
[Site "Santa Cruz de Tenerife ESP"]
[Date "2006.08.23"]
[Round "1"]
[White "Cancio Lasso, Rayco"]
[Black "Alcaraz Pacheco, Ivan"]
[Result "0-1"]
[WhiteElo "1991"]
[BlackElo "1967"]
[PlyCount "84"]
[EventDate "2006.08.23"]
[EventType "team"]
[EventRounds "2"]
[EventCountry "ESP"]
[Source "lmi"]
[SourceDate "2006.08.23"]
[WhiteTeam "C.A. SOCIEDAD LA DEMOCRACIA"]
[BlackTeam "C. DEPORTIVO AJEDREZ LAPUERTA"]

1. e4 c5 2. Nf3 Nc6 3. d4 cxd4 4. Nxd4 g6 5. Be3 Bg7 6. Nc3 Nf6 7. Be2 O-O 8.
O-O d5 9. exd5 Nb4 10. d6 Qxd6 11. a3 Nbd5 12. Ndb5 Nxe3 13. Qxd6 exd6 14. fxe3
Ng4 15. Nd5 Bxb2 16. Rab1 Be5 17. Ne7+ Kg7 18. Nxc8 Nxe3 19. Rf3 Rfxc8 20. Rxe3
a6 21. Rxe5 dxe5 22. Nd6 Rxc2 23. Bf3 Rd8 24. Nxb7 Rdd2 25. Na5 f5 26. Nb3 Rd3
27. a4 e4 28. Bd1 Ra2 29. a5 Ra3 30. Kf2 Kh6 31. h4 Rxd1 32. Rxd1 Rxb3 33. Rd6
Kh5 34. Rxa6 Kxh4 35. Rb6 Ra3 36. a6 Kg4 37. Rb7 Rxa6 38. Rxh7 Ra2+ 39. Kf1 f4
40. Re7 e3 41. Re4 Ra1+ 42. Ke2 Rg1 0-1

[Event "España Tch-Primera Division Sur"]
[Site "Santa Cruz de Tenerife ESP"]
[Date "2006.08.23"]
[Round "1"]
[White "Gonzalez Marrero, Jacobo"]
[Black "Montoya Bello, Felix J"]
[Result "1-0"]
[WhiteElo "2303"]
[BlackElo "2170"]
[PlyCount "93"]
[EventDate "2006.08.23"]
[EventType "team"]
[EventRounds "2"]
[EventCountry "ESP"]
[Source "lmi"]
[SourceDate "2006.08.23"]
[WhiteTeam "C.A. AKFUR BUBAQUE COTELEC"]
[BlackTeam "C.A. DEPORTIVO LA RODA"]

1. d4 d5 2. Nf3 Nf6 3. c4 c6 4. Qc2 e6 5. g3 Bd6 6. Bg2 O-O 7. O-O Nbd7 8. Bf4
Qc7 9. Bxd6 Qxd6 10. Nbd2 e5 11. cxd5 cxd5 12. dxe5 Nxe5 13. Nd4 Bd7 14. Rac1
Rac8 15. Qb3 Rxc1 16. Rxc1 Rc8 17. Rxc8+ Bxc8 18. Qc3 Bd7 19. Nf1 Ne4 20. Qa5
Nc6 21. Nxc6 Bxc6 22. Qxa7 g6 23. Qd4 f5 24. Ne3 Qf6 25. Nc2 Kf7 26. e3 Qxd4
27. Nxd4 Nd2 28. b4 Ne4 29. Nxc6 bxc6 30. Bxe4 dxe4 31. a4 Ke6 32. a5 Kd6 33.
Kf1 Kc7 34. Ke2 Kb7 35. Kd2 Ka6 36. Kc3 Kb5 37. h4 c5 38. bxc5 Kxc5 39. a6 Kb6
40. Kd4 Kxa6 41. Ke5 Kb5 42. Kf6 Kc4 43. h5 Kd5 44. hxg6 hxg6 45. Kxg6 Ke6 46.
Kg5 Ke5 47. g4 1-0

[Event "España Tch-Primera Division Sur"]
[Site "Santa Cruz de Tenerife ESP"]
[Date "2006.08.23"]
[Round "1"]
[White "Gonzalez Berruga, Ana Isabel"]
[Black "Henriquez Garcia, David"]
[Result "1-0"]
[WhiteElo "1943"]
[BlackElo "2154"]
[PlyCount "86"]
[EventDate "2006.08.23"]
[EventType "team"]
[EventRounds "2"]
[EventCountry "ESP"]
[Source "lmi"]
[SourceDate "2006.08.23"]
[WhiteTeam "C.A. POLIDEPORTIVO LA RODA"]
[BlackTeam "C.A. AKFUR BUBAQUE COTELEC"]

1. d4 Nf6 2. c4 e6 3. Nf3 b6 4. Qc2 Bb7 5. Nc3 Bb4 6. Bg5 h6 7. Bh4 g5 8. Bg3
Ne4 9. e3 f5 10. Rd1 Bxc3+ 11. bxc3 d6 12. Nd2 Qf6 13. Nxe4 Bxe4 14. Qd2 O-O
15. f3 Bb7 16. Bd3 Nd7 17. O-O Rf7 18. f4 g4 19. Rde1 h5 20. Qf2 Rh7 21. Bh4
Qg6 22. Qc2 Be4 23. Bxe4 fxe4 24. Qa4 Nf8 25. Qc6 Rb8 26. Rb1 a6 27. c5 dxc5
28. dxc5 Qf5 29. cxb6 cxb6 30. Rxb6 Rxb6 31. Qxb6 Ng6 32. Qd8+ Qf8 33. Qg5 Rg7
34. Qxh5 Nxh4 35. Qxh4 Qc5 36. Qd8+ Kh7 37. Qd4 Qc6 38. f5 Rf7 39. f6 Rd7 40.
f7 Rxd4 41. cxd4 Qc3 42. f8=Q Qxe3+ 43. Kh1 Qxd4 1-0

[Event "España Tch-Primera Division Sur"]
[Site "Santa Cruz de Tenerife ESP"]
[Date "2006.08.23"]
[Round "1"]
[White "Villavicencio Martinez, Carlos Luis"]
[Black "Gonzalez Lopez, Julian"]
[Result "1-0"]
[WhiteElo "2157"]
[BlackElo "1897"]
[PlyCount "53"]
[EventDate "2006.08.23"]
[EventType "team"]
[EventRounds "2"]
[EventCountry "ESP"]
[Source "lmi"]
[SourceDate "2006.08.23"]
[WhiteTeam "C.A. AKFUR BUBAQUE COTELEC"]
[BlackTeam "C.A. POLIDEPORTIVO LA RODA"]

1. Nf3 d5 2. c4 Nf6 3. cxd5 Nxd5 4. d4 e6 5. e4 Nb6 6. Nc3 Be7 7. Be3 O-O 8.
Be2 N8d7 9. O-O c5 10. Rc1 cxd4 11. Nxd4 Nf6 12. Qb3 Bc5 13. Rfd1 Qe7 14. e5
Nfd7 15. Bb5 Nxe5 16. Nf5 exf5 17. Nd5 Nxd5 18. Bxc5 Qh4 19. Qxd5 Ng4 20. h3
Be6 21. Qd4 Rfd8 22. Qb4 Qh5 23. hxg4 fxg4 24. Rxd8+ Rxd8 25. Bxa7 h6 26. a4 f5
27. Qe7 1-0

[Event "España Tch-Primera Division Sur"]
[Site "Santa Cruz de Tenerife ESP"]
[Date "2006.08.23"]
[Round "1"]
[White "Gonzalez Lopez, Mario"]
[Black "Trujillo Delgado, Dafnae Lorena"]
[Result "0-1"]
[WhiteElo "1850"]
[BlackElo "2164"]
[PlyCount "58"]
[EventDate "2006.08.23"]
[EventType "team"]
[EventRounds "2"]
[EventCountry "ESP"]
[Source "lmi"]
[SourceDate "2006.08.23"]
[WhiteTeam "C,A. POLIDEPORTIVO LA RODA"]
[BlackTeam "C.A. AKFUR BUBAQUE COTELEC"]

1. e4 c5 2. Nf3 d6 3. d4 cxd4 4. Nxd4 Nf6 5. Nc3 a6 6. Be2 e6 7. O-O Be7 8. Kh1
Qc7 9. Be3 O-O 10. f3 b5 11. a3 Bb7 12. Qe1 d5 13. exd5 Nxd5 14. Nxd5 Bxd5 15.
Bd3 Nd7 16. Qf2 Rac8 17. Rac1 Ne5 18. Rfd1 Bf6 19. c3 Rfd8 20. Qc2 g6 21. a4
Nxd3 22. Rxd3 Qb7 23. axb5 axb5 24. Qd2 Bc4 25. b3 Bxd3 26. Qxd3 b4 27. Qb5
Qxb5 28. Nxb5 bxc3 29. Na7 c2 0-1

[Event "España Tch-Primera Division Sur"]
[Site "Santa Cruz de Tenerife ESP"]
[Date "2006.08.23"]
[Round "1"]
[White "Guerrero Arroyo, Pedro"]
[Black "Blanco Sanjuan, Jorge"]
[Result "1-0"]
[WhiteElo "2097"]
[BlackElo "2134"]
[PlyCount "53"]
[EventDate "2006.08.23"]
[EventType "team"]
[EventRounds "2"]
[EventCountry "ESP"]
[Source "lmi"]
[SourceDate "2006.08.23"]
[WhiteTeam "C. AGRUPACION AJEDREZ RUY LOPEZ"]
[BlackTeam "C.A. NEW - CHESS MADRID"]

1. e4 c6 2. d3 g6 3. g3 Bg7 4. Bg2 a5 5. Ne2 a4 6. O-O a3 7. d4 axb2 8. Bxb2 h5
9. Nbc3 h4 10. Rb1 Qa5 11. e5 Nh6 12. Ne4 Na6 13. Nf4 hxg3 14. hxg3 Nf5 15. d5
Nc7 16. Bc3 Qxa2 17. d6 exd6 18. Nxd6+ Nxd6 19. Qxd6 Qc4 20. Qxc7 Qxc3 21. Nd5
Bxe5 22. Rbe1 O-O 23. Rxe5 Qb2 24. Nb6 d6 25. Re7 Be6 26. Nxa8 Rxa8 27. Qxb7
1-0

[Event "España Tch-Primera Division Sur"]
[Site "Santa Cruz de Tenerife ESP"]
[Date "2006.08.23"]
[Round "1"]
[White "Spitzer Isbert, Ramon"]
[Black "Perez Candelario, Matias"]
[Result "1-0"]
[WhiteElo "2128"]
[BlackElo "2063"]
[PlyCount "51"]
[EventDate "2006.08.23"]
[EventType "team"]
[EventRounds "2"]
[EventCountry "ESP"]
[Source "lmi"]
[SourceDate "2006.08.23"]
[WhiteTeam "C.A. NEW - CHESS MADRID"]
[BlackTeam "C. AGRUPACION AJEDREZ RUY LOPEZ"]

1. Nf3 d5 2. g3 Nc6 3. d4 Nf6 4. Bg2 Bf5 5. c4 e6 6. Nc3 Nb4 7. O-O c6 8. cxd5
exd5 9. Bg5 Be7 10. a3 Na6 11. Nh4 Be6 12. Qc2 h6 13. Bd2 O-O 14. Nf5 Bxf5 15.
Qxf5 Qb6 16. Rfd1 Qxd4 17. Bf4 Qb6 18. e4 g6 19. Qh3 dxe4 20. Nxe4 h5 21. Be5
Nxe4 22. Bxe4 Bc5 23. Bxg6 Bxf2+ 24. Kg2 c5 25. Rd6 fxg6 26. Qe6+ 1-0

[Event "España Tch-Primera Division Sur"]
[Site "Santa Cruz de Tenerife ESP"]
[Date "2006.08.23"]
[Round "1"]
[White "Guerrero Arroyo, Jorge"]
[Black "Montolio Benedicto, Cesar"]
[Result "1-0"]
[WhiteElo "1816"]
[BlackElo "2067"]
[PlyCount "125"]
[EventDate "2006.08.23"]
[EventType "team"]
[EventRounds "2"]
[EventCountry "ESP"]
[Source "lmi"]
[SourceDate "2006.08.23"]
[WhiteTeam "C. AGRUPACION AJEDREZ RUY LOPEZ"]
[BlackTeam "C.A. NEW - CHESS MADRID"]

1. e4 e5 2. Nf3 Nc6 3. Bb5 a6 4. Ba4 Nf6 5. d3 d6 6. O-O Be7 7. c3 O-O 8. Nbd2
Bd7 9. Re1 Na7 10. Bb3 c5 11. Nf1 Nc6 12. Ne3 Ng4 13. Nd5 Nf6 14. a4 Nxd5 15.
Bxd5 Bf6 16. Nd2 Qc7 17. Nc4 Ne7 18. Ne3 Nxd5 19. Nxd5 Qd8 20. f4 Bc6 21. Nxf6+
Qxf6 22. f5 Qe7 23. c4 f6 24. Re3 Rf7 25. Qh5 h6 26. Rg3 Kf8 27. Bd2 Qd7 28.
Bxh6 gxh6 29. Qxh6+ Ke7 30. a5 Raf8 31. h4 Qe8 32. Qg6 Rh8 33. h5 Rfh7 34. Rh3
Rxh5 35. Qg7+ Qf7 36. Qxh8 Rxh8 37. Rxh8 Qg7 38. Rh3 Qg5 39. Rd1 Ba4 40. Rf1
Kd7 41. Rff3 Qd2 42. Rfg3 Qxa5 43. Rg7+ Kc6 44. Rhh7 Qb4 45. Rc7+ Kb6 46. Rxb7+
Ka5 47. Rxb4 Kxb4 48. Rf7 Bc2 49. Rxf6 Bxd3 50. Rxd6 Bxe4 51. f6 Bg6 52. Rxa6
Kxc4 53. Kf2 Kd4 54. Rd6+ Ke4 55. Kg3 Kf5 56. Kf3 Bh5+ 57. Ke3 Bf7 58. g4+ Kxg4
59. Ke4 c4 60. Kxe5 Kf3 61. Rd7 Bg8 62. f7 Bxf7 63. Rxf7+ 1-0

[Event "España Tch-Primera Division Sur"]
[Site "Santa Cruz de Tenerife ESP"]
[Date "2006.08.23"]
[Round "1"]
[White "Safont Guillen, Oscar"]
[Black "Crespo Ramos, Maria"]
[Result "1/2-1/2"]
[WhiteElo "2041"]
[BlackElo "1619"]
[PlyCount "136"]
[EventDate "2006.08.23"]
[EventType "team"]
[EventRounds "2"]
[EventCountry "ESP"]
[Source "lmi"]
[SourceDate "2006.08.23"]

1. e4 d5 2. exd5 Qxd5 3. Nc3 Qa5 4. d4 Nf6 5. Nf3 Bg4 6. Be2 e6 7. O-O Bd6 8.
Be3 O-O 9. Ng5 Bf5 10. Bf3 c6 11. Nge4 Be7 12. Nxf6+ Bxf6 13. Ne4 Be7 14. c3
Nd7 15. Nd2 Nf6 16. Qb3 Qc7 17. Rfe1 Nd5 18. Nc4 Nxe3 19. Nxe3 Bg6 20. Ng4 h6
21. Ne5 Bh7 22. Bg4 Rad8 23. Bxe6 fxe6 24. Qxe6+ Kh8 25. Nf7+ Rxf7 26. Qxf7 Bd6
27. Re8+ Rxe8 28. Qxe8+ Bg8 29. g3 Kh7 30. a3 Bf7 31. Qe3 c5 32. b4 cxd4 33.
cxd4 Be7 34. Rc1 Qd7 35. Rd1 Bd5 36. f3 Bg5 37. Qd3+ Kh8 38. Re1 Qc6 39. Kf2
Bc4 40. Qe4 Bd5 41. Qe8+ Qxe8 42. Rxe8+ Kh7 43. f4 Bf6 44. Ke3 Kg6 45. Rc8 Bc6
46. g4 Kf7 47. Rc7+ Ke6 48. h4 Kd5 49. g5 hxg5 50. fxg5 Bxd4+ 51. Kd3 Bb2 52.
Kc2 Bxa3 53. Kb3 Bc1 54. Rxg7 Ke6 55. b5 Bd5+ 56. Kc2 Bf4 57. h5 Be5 58. Rg8
Kf5 59. Ra8 Kxg5 60. Rxa7 Kxh5 61. Kd3 Kg6 62. Ra8 Kf6 63. Rh8 Ke6 64. Rh6+ Kd7
65. Rh7+ Kd6 66. Rh5 Bg7 67. Rh7 Be5 68. Rh5 Bg7 1/2-1/2

[Event "España Tch-Primera Division Sur"]
[Site "Santa Cruz de Tenerife ESP"]
[Date "2006.08.24"]
[Round "2"]
[White "Korneev, Oleg"]
[Black "Gurevich, Mikhail"]
[Result "1/2-1/2"]
[WhiteElo "2638"]
[BlackElo "2643"]
[PlyCount "45"]
[EventDate "2006.08.23"]
[EventType "team"]
[EventRounds "2"]
[EventCountry "ESP"]
[Source "lmi"]
[SourceDate "2006.08.23"]
[WhiteTeam "C.C. A. CAJA GENERAL DE AHORROS DE CANARIAS"]
[BlackTeam "C.A. CAJA INSULAR DE AHORROS"]

1. e4 e6 2. d4 d5 3. Nc3 Nf6 4. e5 Nfd7 5. f4 c5 6. Nf3 Nc6 7. Be3 Be7 8. Qd2
O-O 9. dxc5 Bxc5 10. O-O-O Qa5 11. Kb1 Rd8 12. Nd4 Nxd4 13. Bxd4 b6 14. f5 Ba6
15. Bxa6 Qxa6 16. Qg5 h6 17. Qg4 Bxd4 18. Rxd4 Nxe5 19. Qg3 f6 20. fxe6 Qb7 21.
Rhd1 Re8 22. Qh3 Qc6 23. Nxd5 1/2-1/2

[Event "España Tch-Primera Division Sur"]
[Site "Santa Cruz de Tenerife ESP"]
[Date "2006.08.24"]
[Round "2"]
[White "Areshchenko, Alexander"]
[Black "Aleksandrov, Aleksej"]
[Result "1/2-1/2"]
[WhiteElo "2641"]
[BlackElo "2627"]
[PlyCount "109"]
[EventDate "2006.08.23"]
[EventType "team"]
[EventRounds "2"]
[EventCountry "ESP"]
[Source "lmi"]
[SourceDate "2006.08.23"]
[WhiteTeam "C.A. CAJA INSULAR DE AHORROS"]
[BlackTeam "C.C. A. CAJA GENERAL DE AHORROS DE CANARIAS"]

1. e4 e5 2. Nf3 Nc6 3. Bc4 Bc5 4. c3 Nf6 5. d3 a6 6. O-O d6 7. Bb3 Ba7 8. h3
O-O 9. Re1 h6 10. Nbd2 Ne7 11. Nf1 Ng6 12. Be3 Bxe3 13. Rxe3 Nh7 14. Ng3 Nf4
15. Ne2 Nxe2+ 16. Qxe2 Bd7 17. d4 Qe7 18. Rd1 Rad8 19. dxe5 dxe5 20. Rd5 Be6
21. Rxe5 Qd6 22. Rxe6 fxe6 23. Nd4 Rde8 24. e5 Qd7 25. Qg4 Ng5 26. h4 c5 27.
hxg5 cxd4 28. cxd4 hxg5 29. d5 Qf7 30. Rf3 Qg6 31. dxe6 Rxf3 32. gxf3 Re7 33.
Kg2 Kf8 34. Qd4 Qe8 35. Kg3 Qh5 36. Kg2 Qe8 37. a4 Rc7 38. a5 Qe7 39. Ba4 g6
40. Bd7 Rc5 41. b4 Rc1 42. Qd2 Rb1 43. Qd3 Re1 44. Qd6 Rb1 45. b5 axb5 46. Qd3
Re1 47. Qxb5 g4 48. Qxb7 Qh4 49. Qb4+ Kg7 50. Qxe1 Qh3+ 51. Kg1 gxf3 52. Qf1
Qg4+ 53. Kh2 Qh4+ 54. Qh3 Qf4+ 55. Qg3 1/2-1/2

[Event "España Tch-Primera Division Sur"]
[Site "Santa Cruz de Tenerife ESP"]
[Date "2006.08.24"]
[Round "2"]
[White "San Segundo Carrillo, Pablo"]
[Black "Garcia Padron, Jose"]
[Result "1-0"]
[WhiteElo "2536"]
[BlackElo "2403"]
[PlyCount "87"]
[EventDate "2006.08.23"]
[EventType "team"]
[EventRounds "2"]
[EventCountry "ESP"]
[Source "lmi"]
[SourceDate "2006.08.23"]
[WhiteTeam "C.C. A. CAJA GENERAL DE AHORROS DE CANARIAS"]
[BlackTeam "C.A. CAJA INSULAR DE AHORROS"]

1. d4 Nf6 2. c4 e6 3. Nf3 Bb4+ 4. Bd2 Qe7 5. g3 O-O 6. Bg2 Bxd2+ 7. Qxd2 d6 8.
Nc3 e5 9. O-O Re8 10. Ne1 exd4 11. Qxd4 Nc6 12. Qf4 h6 13. Rc1 a5 14. Nc2 Nb4
15. Nd4 Na6 16. b3 Nc5 17. Ndb5 Rd8 18. Rfd1 Be6 19. h3 Rab8 20. Kh2 Rdc8 21.
Rb1 Bd7 22. Rb2 Be8 23. Nd4 Bd7 24. Ndb5 Be8 25. a3 Rd8 26. b4 axb4 27. axb4
Ne6 28. Qe3 Kf8 29. Ra2 Bxb5 30. Nxb5 c6 31. Nc3 Nc7 32. Qb6 Nce8 33. Ra7 Qe6
34. Rd4 Nd7 35. Qa5 Qf6 36. Rd3 Qxf2 37. Rxb7 Ne5 38. Rd1 Nxc4 39. Rxb8 Rxb8
40. Qa4 Ne3 41. Rg1 h5 42. Qxc6 Rxb4 43. Ne4 Nxg2 44. Nxf2 1-0

[Event "España Tch-Primera Division Sur"]
[Site "Santa Cruz de Tenerife ESP"]
[Date "2006.08.24"]
[Round "2"]
[White "Ortega Hermida, Daniel"]
[Black "Moreno Carnero, Javier"]
[Result "1/2-1/2"]
[WhiteElo "2376"]
[BlackElo "2509"]
[PlyCount "45"]
[EventDate "2006.08.23"]
[EventType "team"]
[EventRounds "2"]
[EventCountry "ESP"]
[Source "lmi"]
[SourceDate "2006.08.23"]
[WhiteTeam "C.A. CAJA INSULAR DE AHORROS"]
[BlackTeam "C.C. A. CAJA GENERAL DE AHORROS DE CANARIAS"]

1. d4 d6 2. Nf3 g6 3. Bg5 Bg7 4. c3 h6 5. Bf4 Nf6 6. h3 b6 7. e3 O-O 8. Nbd2 c5
9. Be2 cxd4 10. cxd4 Ba6 11. Bxa6 Nxa6 12. O-O Qd7 13. Qb3 Rfc8 14. Rfc1 Qb7
15. Bg3 Qd5 16. Qa4 Qa5 17. Qxa5 bxa5 18. Rc3 Rab8 19. Rac1 Re8 20. Ra3 Rxb2
21. Rxa5 Nb4 22. a3 Nd3 23. Rc7 1/2-1/2

[Event "España Tch-Primera Division Sur"]
[Site "Santa Cruz de Tenerife ESP"]
[Date "2006.08.24"]
[Round "2"]
[White "Vega Gutierrez, Sabrina Neide"]
[Black "Gonzalez Marrero, Jacobo"]
[Result "1/2-1/2"]
[WhiteElo "2282"]
[BlackElo "2303"]
[PlyCount "99"]
[EventDate "2006.08.23"]
[EventType "team"]
[EventRounds "2"]
[EventCountry "ESP"]
[Source "lmi"]
[SourceDate "2006.08.23"]
[WhiteTeam "CLUB AJEDREZ ANAND"]
[BlackTeam "C.A. AKFUR BUBAQUE COTELEC"]

1. e4 c5 2. Nf3 e6 3. d4 cxd4 4. Nxd4 a6 5. Nc3 Qc7 6. f4 Bb4 7. Bd2 Nc6 8. Nb3
Nf6 9. e5 Bxc3 10. bxc3 Ne4 11. c4 Nxd2 12. Qxd2 O-O 13. Bd3 b6 14. O-O Bb7 15.
c5 f6 16. exf6 Rxf6 17. Qe3 b5 18. Nd2 Ne7 19. Ne4 Rg6 20. Ng3 Nf5 21. Bxf5
exf5 22. Rf2 Re6 23. Qd4 g6 24. Rd1 Bc6 25. c4 Qb7 26. h4 h5 27. Rd3 Kf7 28.
Rb3 Qc7 29. Kh2 Rae8 30. Qd3 Qd8 31. Nxf5 gxf5 32. Qxf5+ Qf6 33. Qxh5+ Ke7 34.
cxb5 axb5 35. Qg5 Rh8 36. Rh3 Re1 37. f5 Kf7 38. Qxf6+ Kxf6 39. g4 Rhe8 40. Rd3
R8e2 41. g5+ Kf7 42. Rxe2 Rxe2+ 43. Kg3 Rxa2 44. h5 Rg2+ 45. Kf4 Rf2+ 46. Kg4
Rg2+ 47. Kf4 Rh2 48. Kg4 Rg2+ 49. Kf4 Rf2+ 50. Kg4 1/2-1/2

[Event "España Tch-Primera Division Sur"]
[Site "Santa Cruz de Tenerife ESP"]
[Date "2006.08.24"]
[Round "2"]
[White "Henriquez Garcia, David"]
[Black "Vega Gutierrez, Belinda Vidina"]
[Result "1-0"]
[WhiteElo "2154"]
[BlackElo "2207"]
[PlyCount "67"]
[EventDate "2006.08.23"]
[EventType "team"]
[EventRounds "2"]
[EventCountry "ESP"]
[Source "lmi"]
[SourceDate "2006.08.23"]
[WhiteTeam "C.A. AKFUR BUBAQUE COTELEC"]
[BlackTeam "CLUB AJEDREZ ANAND"]

1. Nf3 d5 2. g3 c5 3. Bg2 Nc6 4. O-O e5 5. d3 Bd6 6. e4 d4 7. Nbd2 Nge7 8. Nc4
Bc7 9. a4 f6 10. c3 dxc3 11. bxc3 Be6 12. Ne3 Qd7 13. Qc2 g5 14. Bb2 g4 15. Nh4
Rd8 16. Rad1 Na5 17. c4 Ng6 18. Nhf5 h5 19. f3 gxf3 20. Rxf3 Rc8 21. h4 Bd8 22.
Bh3 Rc6 23. Bc3 Ra6 24. Kh2 Rh7 25. Rdf1 Nc6 26. Nd5 Nh8 27. Bg2 Nf7 28. Ra1
Nh8 29. Qf2 Nd4 30. Nxd4 exd4 31. Bd2 Bxd5 32. exd5 Rxa4 33. Re1+ Kf8 34. Bh3
1-0